000 00704nam a2200205Ii 4500
003 JO-AjNU
008 230605s9999||||xx |||||||||||||| ||und||
040 _aJO-AjNU
_bara
_erda
_cJO-AjNU
041 _aara
050 1 4 _aD972.M8748 1965
100 3 _aمرقس، سليم انطوان,
_eauthor
_938846
245 0 0 _aحضارات غارقة: قصة الكشوف الاثرية تحت البحر
264 3 1 _aمصر: دار المعارف، 1965
300 _a162ص
336 _atext
_btxt
_2rdacontent
337 _aunmediated
_bn
_2rdamedia
338 _avolume
_bnc
_2rdacarrier
490 0 _aمكتبة الدراسات التاريخية
650 4 _aاثار- اكتشاف الاقار
_938847
999 _aA16356
_c19924
_d19924